The management of obesity; (Record no. 38408)

MARC details
000 -LEADER
fixed length control field 00630cam a22002291 4500
001 - CONTROL NUMBER
control field med47001792
003 - CONTROL NUMBER IDENTIFIER
control field DLC
005 - DATE AND TIME OF LATEST TRANSACTION
control field 20260227111603.0
008 - FIXED-LENGTH DATA ELEMENTS--GENERAL INFORMATION
fixed length control field 760830s1946 xx 000 0 eng
010 ## - LIBRARY OF CONGRESS CONTROL NUMBER
LC control number med47001792
035 ## - SYSTEM CONTROL NUMBER
System control number (OCoLC)2403986
040 ## - CATALOGING SOURCE
Original cataloging agency DLC
Transcribing agency OTU
Modifying agency DLC
042 ## - AUTHENTICATION CODE
Authentication code premarc
050 00 - LIBRARY OF CONGRESS CALL NUMBER
Classification number RC813
Item number .P35
082 ## - DEWEY DECIMAL CLASSIFICATION NUMBER
Classification number 616.39
100 1# - MAIN ENTRY--PERSONAL NAME
Personal name Pelner, Louis,
Dates associated with a name 1907-
245 14 - TITLE STATEMENT
Title The management of obesity;
Remainder of title a handbook for the general practitioner ...
260 ## - PUBLICATION, DISTRIBUTION, ETC.
Place of publication, distribution, etc. New York,
Name of publisher, distributor, etc. Personal diet service,
Date of publication, distribution, etc. 1946.
300 ## - PHYSICAL DESCRIPTION
Extent 144 p.
Other physical details illus., port.
Dimensions 23 cm.
650 #0 - SUBJECT ADDED ENTRY--TOPICAL TERM
Topical term or geographic name entry element Obesity.
650 #0 - SUBJECT ADDED ENTRY--TOPICAL TERM
Topical term or geographic name entry element Diet in disease.

No items available.

Powered by Koha